Online
Catalog

In memoriam : (Record no. 31778)

MARC details
000 -CABECERA
campo de control de longitud fija 01416nam a22002537a 4500
003 - IDENTIFICADOR DEL NÚMERO DE CONTROL
campo de control DO-SdBNP
005 - FECHA Y HORA DE LA ÚLTIMA TRANSACCIÓN
campo de control 20240305103442.0
007 - CAMPO FIJO DE DESCRIPCIÓN FÍSICA--INFORMACIÓN GENERAL
campo de control de longitud fija ta
008 - DATOS DE LONGITUD FIJA--INFORMACIÓN GENERAL
campo de control de longitud fija 110714s19uu dr 000 spa d
040 ## - FUENTE DE LA CATALOGACIÓN
Centro catalogador/agencia de origen DO-SdBNP
Lengua de catalogación spa
Centro/agencia transcriptor BNPHU
082 ## - NÚMERO DE LA CLASIFICACIÓN DECIMAL DEWEY
Número de clasificación xxx
Número de documento/Ítem xxx
100 ## - ENTRADA PRINCIPAL--NOMBRE DE PERSONA
9 (RLIN) 23565
Nombre de persona Contín Aybar, Pedro René,
Fechas asociadas al nombre 1907-1981
245 10 - MENCIÓN DE TÍTULO
Título In memoriam :
Resto del título Tomas Hernández Franco /
Mención de responsabilidad, etc. Pedro Rene Contin y Aybar, [et. al]
260 ## - PUBLICACIÓN, DISTRIBUCIÓN, ETC.
Lugar de publicación, distribución, etc. Ciudad Trujillo,
Nombre del editor, distribuidor, etc. [s.d]
Fecha de publicación, distribución, etc. [19--].
300 ## - DESCRIPCIÓN FÍSICA
Extensión 70 p.
Dimensiones 22 cm.
505 0# - NOTA DE CONTENIDO CON FORMATO
Título In memorian --
Mención de responsabilidad Pedro Rene Contin y Aybar /
Título Itinerario de América --
Mención de responsabilidad Virgilio Ferrer Gutiérrez /
Título Laurel de luto --
Mención de responsabilidad Trigueros de León /
Título Tomás Hernández Franco --
Mención de responsabilidad R. Emilio Jiménez /
Título Y en el amor una sombra --
Mención de responsabilidad Héctor Inchaustegui Cabral /
Título Poemas póstumos --
-- Oración para el próximo dolor --
-- Puedo jurar ahora --
-- Canción de amor en muerte para el hijo --
-- Inventar la palabra mansa --
-- En esta alta cuesta de la noche --
-- La posie a la Republique Dominicaine --
Mención de responsabilidad Tomas Hernández Franco /
590 ## - NOTA LOCAL (RLIN)
Nota local Inventariado, 2022/ YL
700 #2 - PUNTO DE ACCESO ADICIONAL--NOMBRE DE PERSONA
9 (RLIN) 38745
Nombre de persona Ferrer Gutiérrez, Virgilio,
Fechas asociadas al nombre 1907-
Título de la obra Itinerario de América
700 #2 - PUNTO DE ACCESO ADICIONAL--NOMBRE DE PERSONA
Nombre de persona León, Trigueros de
Fechas asociadas al nombre 1917-1965
Título de la obra Laurel de luto
9 (RLIN) 82442
700 #2 - PUNTO DE ACCESO ADICIONAL--NOMBRE DE PERSONA
9 (RLIN) 6521
Nombre de persona Jiménez, Ramón Emilio,
Fechas asociadas al nombre 1886-1970
Título de la obra Tomás Hernández Franco
700 12 - PUNTO DE ACCESO ADICIONAL--NOMBRE DE PERSONA
Nombre de persona Incháustegui Cabral, Héctor,
Fechas asociadas al nombre 1912-1979
Título de la obra Y en le amor una sombra
9 (RLIN) 21024
910 ## - DATOS DE OPCIÓN DEL USUARIO (OCLC)
Datos de opción del usuario YLockward
942 ## - ELEMENTOS DE PUNTO DE ACCESO ADICIONAL (KOHA)
Fuente del sistema de clasificación o colocación Dewey Decimal Classification
Tipo de ítem Koha Libro
Holdings
Estado de retiro Estado de pérdida Fuente del sistema de clasificación o colocación Restricciones de uso No para préstamo Código de colección Localización permanente Ubicación/localización actual Ubicación en estantería Fecha de adquisición Total de préstamos Signatura topográfica completa Código de barras Fecha visto por última vez Precio válido a partir de Tipo de ítem Koha
    Dewey Decimal Classification Excluido de préstamo   Patrimonio Dominicano Raros y Valiosos Biblioteca Nacional Pedro Henríquez Ureña Biblioteca Nacional Pedro Henríquez Ureña En catalogación 27.09.2022   xxx xxx 2022-4093 27.09.2022 27.09.2022 Libro

Powered by Koha